LIBRARY & INFORMATION CENTRE, KCAET, TAVANUR

ONLINE PUBLIC ACCESS CATALOGUE (OPAC)

Sthreelokam / (Record no. 1124)

MARC details
000 -LEADER
fixed length control field 00413cam a2200169ua 4500
041 ## - LANGUAGE CODE
Language code of text/sound track or separate title mal
082 ## - DEWEY DECIMAL CLASSIFICATION NUMBER
Classification number 94.8124
Item number APP/ST
100 ## - MAIN ENTRY--AUTHOR NAME
Personal name Appen, M.P .
245 ## - TITLE STATEMENT
Title Sthreelokam /
260 ## - PUBLICATION, DISTRIBUTION, ETC. (IMPRINT)
Place of publication Kottayam :
Name of publisher Sahitya Pravarthaka Co-operative Society ,
Year of publication 1966.
300 ## - PHYSICAL DESCRIPTION
Number of Pages 84 ; .
942 ## - ADDED ENTRY ELEMENTS (KOHA)
Koha item type Books
Holdings
Withdrawn status Lost status Damaged status Home library Current library Date acquired Full call number Accession Number Koha item type Public note
Withdrawn     KAUAET Malayalam University 07/04/2012 94.8124 8379 Books Transferred to Malayalam University
free website counter